000 00773nam a2200241Ia 4500
003 GCL
008 140319s9999 xx 000 0 ara d
040 _aGCL /
_cGCL
082 0 4 _aد
_b050
100 1 _aشوقى جلال
245 1 0 _aسيكولوجية السعادة (عالم المعرفة 175 ) /
_cشوقى جلال
700 1 _aارجايل، مايكل
700 1 _aفيصل عبدالقادر يونس
260 _a[S.N] :
_bالمجلس الوطنى للثقافة والفنون والاداب
300 _a325 ص
490 _aكتاب المواهب
_v0
650 0 4 _aعلم النفس
650 0 4 _aعلم النفس الاجتماعى
650 0 4 _aالسعادة
650 0 4 _aالتفاؤل
650 0 4 _aالسرور
942 _2ddc
_cCF
999 _c27033
_d27033